000 00499nam a2200205Ia 4500
008 210210b1949 xxu||||| |||| 00| 0 eng d
041 _aeng
082 _a320/151
100 _aDIMOCK (Marshall Edward)
245 _aAmerican government in action
260 _aNew York
_bRinehart & co
_c1949
300 _axii,946
650 _ain
650 _agovernment
650 _aAmerican
650 _aaction
690 _aPolitical Science
700 _aDIMOCK (Gladys Ogden)
906 _a001901
999 _c117737
_d117737